[Event "DSJ Weihnachtsturnier U16: Steinitz 2020"]
[Site ""]
[Date "2020.12.28"]
[Round "4"]
[White "Eisenschink, Fabian"]
[Black "Pichl, Christoph"]
[Result "0-1"]
[Termination "normal"]
[Board "9.3"]
[WhiteElo "795"]
[BlackElo "1501"]
[WhiteTeam "SK Kelheim 1920"]
[BlackTeam "SK Bad Homburg 1927"]
[PlyCount "106"]
[BlackFideId "16249739"]
[EventRounds "7"]
[EventType "team-swiss"]
[EventDate "2020.12.28"]

1. e4 {[%emt 0:00:08]} c6 {[%emt 0:00:03]} 2. Nf3 {[%emt 0:00:04]} d5 {[%emt
0:00:11]} 3. exd5 {[%emt 0:00:28]} cxd5 {[%emt 0:00:03]} 4. b3 {[%emt 0:00:07]}
Bf5 {[%emt 0:00:30]} 5. Bb5+ {[%emt 0:00:11]} Nd7 {[%emt 0:00:05]} 6. O-O {
[%emt 0:00:05]} a6 {[%emt 0:00:02]} 7. Bxd7+ {[%emt 0:00:15]} Qxd7 {[%emt
0:00:04]} 8. d3 {[%emt 0:00:11]} Nf6 {[%emt 0:00:18]} 9. Bg5 {[%emt 0:00:04]}
Qd6 { [%emt 0:00:28]} 10. h3 {[%emt 0:00:16]} g6 {[%emt 0:00:17]} 11. Re1
{[%emt 0:00:04]} Bg7 {[%emt 0:00:02]} 12. Nbd2 {[%emt 0:00:16]} O-O {[%emt
0:00:04]} 13. Rb1 {[%emt 0:00:12]} Rfe8 {[%emt 0:00:17]} 14. Nd4 {[%emt
0:00:35]} Bd7 { [%emt 0:00:20]} 15. N2f3 {[%emt 0:00:14]} e5 {[%emt 0:00:32]}
16. Ne2 {[%emt 0:00:43]} Qc7 {[%emt 0:00:34]} 17. Ng3 {[%emt 0:00:11]} Re6
{[%emt 0:00:47]} 18. Qd2 {[%emt 0:00:33]} Rae8 {[%emt 0:00:15]} 19. Bh6 {[%emt
0:00:24]} Bc6 { [%emt 0:00:47]} 20. Bxg7 {[%emt 0:00:18]} Kxg7 {[%emt 0:00:04]}
21. Re2 { [%emt 0:01:01]} e4 {[%emt 0:00:31]} 22. dxe4 {[%emt 0:00:05]} dxe4
{[%emt 0:00:03]} 23. Ng5 {[%emt 0:00:05]} R6e7 {[%emt 0:00:17]} 24. Rbe1 {[%emt
0:00:08]} h6 {[%emt 0:00:24]} 25. N5xe4 {[%emt 0:00:59]} Nxe4 {[%emt 0:00:06]}
26. Nxe4 { [%emt 0:00:11]} Rxe4 {[%emt 0:00:07]} 27. Qc3+ {[%emt 0:00:04]} Qe5
{[%emt 0:00:23]} 28. Qxe5+ {[%emt 0:00:21]} R8xe5 {[%emt 0:00:05]} 29. Kf1
{[%emt 0:00:11]} Rxe2 {[%emt 0:00:04]} 30. Rxe2 {[%emt 0:00:03]} Bxg2+ {[%emt
0:00:23]} 31. Ke1 {[%emt 0:00:08]} Rxe2+ {[%emt 0:00:04]} 32. Kxe2 {[%emt
0:00:02]} Bxh3 { [%emt 0:00:02]} 33. c4 {[%emt 0:00:03]} Bf5 {[%emt 0:00:10]}
34. a4 {[%emt 0:00:03]} Bc2 {[%emt 0:00:03]} 35. b4 {[%emt 0:00:05]} Bxa4
{[%emt 0:00:02]} 36. Kd3 {[%emt 0:00:04]} Bc6 {[%emt 0:00:03]} 37. Kd4 {[%emt
0:00:07]} h5 {[%emt 0:00:09]} 38. Kc5 {[%emt 0:00:03]} h4 {[%emt 0:00:05]} 39.
b5 {[%emt 0:00:02]} axb5 {[%emt 0:00:02]} 40. cxb5 {[%emt 0:00:01]} Bxb5 {[%emt
0:00:04]} 41. Kxb5 {[%emt 0:00:01]} h3 {[%emt 0:00:01]} 42. Kb6 {[%emt
0:00:01]} h2 {[%emt 0:00:01] Kelheim3-003 offers a draw} 43. Kc7 {[%emt
0:00:07]} h1=Q {[%emt 0:00:04]} 44. Kd6 {[%emt 0:00:02]} b5 {[%emt 0:00:02]}
45. Kc5 {[%emt 0:00:02]} Qb1 { [%emt 0:00:02]} 46. Kd4 {[%emt 0:00:06]} b4
{[%emt 0:00:02]} 47. Kc5 {[%emt 0:00:02]} b3 {[%emt 0:00:03]} 48. Kb4 {[%emt
0:00:01]} b2 {[%emt 0:00:03]} 49. f4 {[%emt 0:00:01]} Qc2 {[%emt 0:00:03]} 50.
f5 {[%emt 0:00:02]} b1=R+ {[%emt 0:00:04]} 51. Ka3 {[%emt 0:00:04]} Qc8 {[%emt
0:00:09]} 52. Ka2 {[%emt 0:00:05]} Qb7 {[%emt 0:00:02]} 53. fxg6 {[%emt
0:00:02]} Qb3# {[%emt 0:00:03]} 0-1

[Event "DSJ Weihnachtsturnier U16: Steinitz 2020"]
[Site ""]
[Date "2020.12.28"]
[Round "4"]
[White "von Beckh, Frieda"]
[Black "Usik, Maxim"]
[Result "1-0"]
[Termination "normal"]
[Board "9.4"]
[WhiteElo "1590"]
[BlackElo "1467"]
[WhiteTeam "SK Bad Homburg 1927"]
[BlackTeam "SK Kelheim 1920"]
[PlyCount "135"]
[WhiteFideId "16233751"]
[BlackFideId "16222075"]
[EventRounds "7"]
[EventType "team-swiss"]
[EventDate "2020.12.28"]

1. e4 {[%emt 0:00:06]} e5 {[%emt 0:00:36]} 2. Nf3 {[%emt 0:00:10]} Nc6 { [%emt
0:00:12]} 3. d4 {[%emt 0:00:05]} exd4 {[%emt 0:00:05]} 4. Bc4 {[%emt 0:00:04]}
Nf6 {[%emt 0:00:33]} 5. e5 {[%emt 0:00:06]} d5 {[%emt 0:00:02]} 6. Bb5 {[%emt
0:00:03]} Ne4 {[%emt 0:00:18]} 7. Nxd4 {[%emt 0:00:14]} Bd7 {[%emt 0:00:04]} 8.
Be3 {[%emt 0:00:46]} Bc5 {[%emt 0:00:19]} 9. Nxc6 {[%emt 0:00:51]} Bxc6 {[%emt
0:00:09]} 10. Bxc6+ {[%emt 0:00:23]} bxc6 {[%emt 0:00:06]} 11. Bxc5 { [%emt
0:00:10]} Nxc5 {[%emt 0:00:04]} 12. Nc3 {[%emt 0:00:02]} O-O {[%emt 0:00:05]}
13. O-O {[%emt 0:00:05]} Re8 {[%emt 0:00:02]} 14. Re1 {[%emt 0:00:09]} Qg5
{[%emt 0:00:08]} 15. Qd4 {[%emt 0:00:52]} Ne6 {[%emt 0:00:10]} 16. Qd3 { [%emt
0:00:21]} Nf4 {[%emt 0:00:10]} 17. Qf3 {[%emt 0:00:03]} Rxe5 {[%emt 0:00:08]}
18. h4 {[%emt 0:00:34]} Qf5 {[%emt 0:00:13]} 19. g4 {[%emt 0:00:45]} Qf6 {
[%emt 0:00:04]} 20. g5 {[%emt 0:00:20]} Qf5 {[%emt 0:00:02]} 21. Rxe5 {[%emt
0:00:23]} Qxe5 {[%emt 0:00:02]} 22. Rd1 {[%emt 0:00:13]} Rb8 {[%emt 0:00:27]}
23. Na4 {[%emt 0:00:43]} Rb4 {[%emt 0:00:16]} 24. b3 {[%emt 0:00:24]} Ne2+ {
[%emt 0:00:38]} 25. Kf1 {[%emt 0:00:38]} Nd4 {[%emt 0:00:49]} 26. Qg4 {[%emt
0:00:48]} f6 {[%emt 0:02:02]} 27. Qc8+ {[%emt 0:00:48]} Kf7 {[%emt 0:00:08]}
28. Qd7+ {[%emt 0:00:04]} Qe7 {[%emt 0:00:06]} 29. Qxe7+ {[%emt 0:00:05]} Kxe7
{ [%emt 0:00:02]} 30. c3 {[%emt 0:00:02]} Rxa4 {[%emt 0:00:30]} 31. bxa4 {
[%emt 0:00:06]} fxg5 {[%emt 0:00:25]} 32. Rxd4 {[%emt 0:00:10]} gxh4 {[%emt
0:00:03]} 33. Rxh4 {[%emt 0:00:02]} h6 {[%emt 0:00:04]} 34. Rg4 {[%emt
0:00:02]} Kf6 {[%emt 0:00:02]} 35. f3 {[%emt 0:00:05]} c5 {[%emt 0:00:05]} 36.
Ke2 { [%emt 0:00:01]} c6 {[%emt 0:00:02]} 37. Kd3 {[%emt 0:00:03]} g6 {[%emt
0:00:04] } 38. Rf4+ {[%emt 0:00:06]} Ke5 {[%emt 0:00:07]} 39. Rg4 {[%emt
0:00:12]} g5 { [%emt 0:00:03]} 40. c4 {[%emt 0:00:02]} a6 {[%emt 0:00:05]} 41.
cxd5 {[%emt 0:00:03]} cxd5 {[%emt 0:00:02]} 42. Ke3 {[%emt 0:00:04]} d4+ {[%emt
0:00:01]} 43. Kd3 {[%emt 0:00:02]} Kd5 {[%emt 0:00:03]} 44. Re4 {[%emt
0:00:01]} a5 {[%emt 0:00:03]} 45. Re8 {[%emt 0:00:02]} Kd6 {[%emt 0:00:03]} 46.
Rh8 {[%emt 0:00:03]} h5 {[%emt 0:00:02]} 47. Rxh5 {[%emt 0:00:10]} Ke6 {[%emt
0:00:02]} 48. Rxg5 { [%emt 0:00:01]} Kd6 {[%emt 0:00:01]} 49. Rf5 {[%emt
0:00:02]} Kc6 {[%emt 0:00:02]} 50. Rf8 {[%emt 0:00:01]} Kd7 {[%emt 0:00:02]}
51. Rf7+ {[%emt 0:00:01]} Kd6 {[%emt 0:00:01]} 52. Ra7 {[%emt 0:00:01]} Kc6
{[%emt 0:00:02]} 53. Rxa5 { [%emt 0:00:01]} Kb6 {[%emt 0:00:01]} 54. Rb5+
{[%emt 0:00:01]} Kc6 {[%emt 0:00:01]} 55. Kc4 {[%emt 0:00:10]} Kd6 {[%emt
0:00:03]} 56. Rxc5 {[%emt 0:00:00]} Ke6 {[%emt 0:00:01]} 57. Rd5 {[%emt
0:00:00]} Kf6 {[%emt 0:00:01]} 58. Rxd4 { [%emt 0:00:01]} Kf5 {[%emt 0:00:01]}
59. a5 {[%emt 0:00:01]} Ke6 {[%emt 0:00:01]} 60. a6 {[%emt 0:00:00]} Ke7 {[%emt
0:00:01]} 61. a7 {[%emt 0:00:00]} Ke6 { [%emt 0:00:01]} 62. a8=Q {[%emt
0:00:02]} Ke5 {[%emt 0:00:00]} 63. Qc8 { [%emt 0:00:09] .} Kf6 {[%emt 0:00:03]}
64. Qe8 {[%emt 0:00:00]} Kg5 {[%emt 0:00:03]} 65. Rf4 {[%emt 0:00:00]} Kh6
{[%emt 0:00:02]} 66. Qg8 {[%emt 0:00:02]} Kh5 {[%emt 0:00:02]} 67. Rg4 {[%emt
0:00:01]} Kh6 {[%emt 0:00:04]} 68. Qg6# { [%emt 0:00:01]} 1-0

[Event "DSJ Weihnachtsturnier U16: Steinitz 2020"]
[Site ""]
[Date "2020.12.28"]
[Round "4"]
[White "Gottwald, Patrick"]
[Black "Kirchner, Bao Long Marc"]
[Result "1-0"]
[Termination "normal"]
[Board "10.2"]
[WhiteElo "1526"]
[BlackElo "1312"]
[WhiteTeam "SG Rochade Kuppenheim 1979"]
[BlackTeam "TuS Makkabi Rostock 2"]
[PlyCount "121"]
[WhiteFideId "34645969"]
[EventRounds "7"]
[EventType "team-swiss"]
[EventDate "2020.12.28"]

1. d4 {[%emt 0:00:05]} d5 {[%emt 0:00:04]} 2. c4 {[%emt 0:00:08]} e6 {[%emt
0:00:02]} 3. Nc3 {[%emt 0:00:08]} Nf6 {[%emt 0:00:05]} 4. Nf3 {[%emt 0:00:08]}
Bb4 {[%emt 0:00:18]} 5. Bd2 {[%emt 0:00:05]} O-O {[%emt 0:00:12]} 6. e3 { [%emt
0:00:06]} Nbd7 {[%emt 0:00:28]} 7. Bd3 {[%emt 0:00:16]} c6 {[%emt 0:00:28]} 8.
O-O {[%emt 0:00:17]} c5 {[%emt 0:00:01]} 9. cxd5 {[%emt 0:00:14]} exd5 {[%emt
0:00:23]} 10. a3 {[%emt 0:00:07]} Ba5 {[%emt 0:00:04]} 11. Rc1 {[%emt 0:00:18]}
Re8 {[%emt 0:01:21]} 12. dxc5 {[%emt 0:00:14]} Nxc5 {[%emt 0:00:03]} 13. Bb5
{[%emt 0:00:15]} Bd7 {[%emt 0:00:06]} 14. Bxd7 {[%emt 0:00:04]} Qxd7 { [%emt
0:00:02]} 15. Ne2 {[%emt 0:00:16]} Bxd2 {[%emt 0:00:08]} 16. Nxd2 { [%emt
0:00:17]} Nce4 {[%emt 0:00:02]} 17. Nxe4 {[%emt 0:00:03]} Nxe4 {[%emt 0:00:03]}
18. Nc3 {[%emt 0:00:10]} Rac8 {[%emt 0:00:05]} 19. Nxe4 {[%emt 0:00:03] } Rxc1
{[%emt 0:00:04]} 20. Nf6+ {[%emt 0:00:13]} gxf6 {[%emt 0:00:03]} 21. Qxc1
{[%emt 0:00:01]} Kh8 {[%emt 0:00:04]} 22. Qc3 {[%emt 0:00:16]} Qf5 { [%emt
0:00:08]} 23. Rd1 {[%emt 0:00:16]} Rg8 {[%emt 0:00:08]} 24. Qd4 {[%emt
0:00:15]} Rd8 {[%emt 0:00:04]} 25. Qxa7 {[%emt 0:00:16]} Qg4 {[%emt 0:00:10]}
26. Qd4 {[%emt 0:00:08]} Rd6 {[%emt 0:00:23]} 27. Qxg4 {[%emt 0:00:03]} Rb6 {
[%emt 0:00:19]} 28. Rxd5 {[%emt 0:00:13]} h6 {[%emt 0:00:16]} 29. Rd8+ { [%emt
0:00:03]} Kh7 {[%emt 0:00:00]} 30. Qg7+ {[%emt 0:00:01]} Kxg7 {[%emt 0:00:01]}
31. b4 {[%emt 0:00:04]} Ra6 {[%emt 0:00:05]} 32. Rd3 {[%emt 0:00:02]} Rc6
{[%emt 0:00:04]} 33. Kf1 {[%emt 0:00:03]} f5 {[%emt 0:00:04]} 34. Ke2 { [%emt
0:00:01]} Kg6 {[%emt 0:00:09]} 35. Rd7 {[%emt 0:00:11]} b6 {[%emt 0:00:03]} 36.
Kd3 {[%emt 0:00:07]} Kf6 {[%emt 0:00:07]} 37. Rb7 {[%emt 0:00:18]} Ke5 {[%emt
0:00:06]} 38. f4+ {[%emt 0:00:05]} Ke6 {[%emt 0:00:04]} 39. e4 {[%emt 0:00:27]}
fxe4+ {[%emt 0:00:05]} 40. Kxe4 {[%emt 0:00:00]} Rc4+ {[%emt 0:00:02]} 41. Kd3
{[%emt 0:00:22]} Rc6 {[%emt 0:00:04] Rostock3-002 offers a draw} 42. Kd4 {[%emt
0:00:16]} Rd6+ {[%emt 0:00:04]} 43. Kc4 {[%emt 0:00:03]} Rc6+ { [%emt 0:00:01]}
44. Kb5 {[%emt 0:00:01]} Kd5 {[%emt 0:00:43]} 45. Rxb6 { [%emt 0:00:15]} Rxb6+
{[%emt 0:00:02]} 46. Kxb6 {[%emt 0:00:01]} Kc4 {[%emt 0:00:01]} 47. b5 {[%emt
0:00:01]} f6 {[%emt 0:00:04]} 48. Kc6 {[%emt 0:00:02]} f5 {[%emt 0:00:02]} 49.
b6 {[%emt 0:00:01]} Kd4 {[%emt 0:00:03]} 50. b7 {[%emt 0:00:00]} Ke4 {[%emt
0:02:24]} 51. b8=Q {[%emt 0:00:00]} Ke3 {[%emt 0:00:03]} 52. Qe5+ {[%emt
0:00:03]} Kf2 {[%emt 0:00:02]} 53. Qxf5 {[%emt 0:00:00]} Kxg2 { [%emt 0:00:00]}
54. Qg6+ {[%emt 0:00:04]} Kxh2 {[%emt 0:00:01]} 55. Qxh6+ { [%emt 0:00:00]} Kg2
{[%emt 0:00:01]} 56. f5 {[%emt 0:00:01]} Kg3 {[%emt 0:00:01]} 57. f6 {[%emt
0:00:01]} Kg4 {[%emt 0:00:01]} 58. f7 {[%emt 0:00:00]} Kf5 { [%emt 0:00:01]}
59. f8=Q+ {[%emt 0:00:00]} Ke5 {[%emt 0:00:01]} 60. Qhd6+ { [%emt 0:00:03]} Ke4
{[%emt 0:00:01]} 61. Qff4# {[%emt 0:00:00]} 1-0

[Event "DSJ Weihnachtsturnier U16: Steinitz 2020"]
[Site ""]
[Date "2020.12.28"]
[Round "4"]
[White "Köpnick, Amanda"]
[Black "Wieser, Rouven"]
[Result "0-1"]
[Termination "normal"]
[Board "10.3"]
[WhiteElo "1123"]
[BlackElo "1238"]
[WhiteTeam "TuS Makkabi Rostock 2"]
[BlackTeam "SG Rochade Kuppenheim 1979"]
[PlyCount "60"]
[WhiteFideId "34618538"]
[BlackFideId "34608761"]
[EventRounds "7"]
[EventType "team-swiss"]
[EventDate "2020.12.28"]

1. e4 {[%emt 0:00:02]} c6 {[%emt 0:00:06]} 2. Nf3 {[%emt 0:00:02]} d5 {[%emt
0:00:03]} 3. exd5 {[%emt 0:00:03]} cxd5 {[%emt 0:00:03]} 4. Bb5+ {[%emt
0:00:02]} Bd7 {[%emt 0:00:02]} 5. Bxd7+ {[%emt 0:00:03]} Nxd7 {[%emt 0:00:04]}
6. O-O { [%emt 0:00:02]} Ngf6 {[%emt 0:00:03]} 7. Nc3 {[%emt 0:00:02]} e6
{[%emt 0:00:02]} 8. d4 {[%emt 0:00:02]} Bd6 {[%emt 0:00:02]} 9. Bg5 {[%emt
0:00:03]} Qc7 { [%emt 0:00:02]} 10. Nb5 {[%emt 0:00:21]} Qc6 {[%emt 0:00:10]}
11. Nxd6+ { [%emt 0:00:03]} Qxd6 {[%emt 0:00:03]} 12. Qe2 {[%emt 0:00:09]} O-O
{[%emt 0:00:06]} 13. Ne5 {[%emt 0:00:18]} Rfe8 {[%emt 0:00:14]} 14. Nxd7 {[%emt
0:00:23]} Nxd7 {[%emt 0:00:03]} 15. Qg4 {[%emt 0:00:10]} f5 {[%emt 0:00:20]}
16. Qf4 { [%emt 0:00:26]} Qxf4 {[%emt 0:01:30]} 17. Bxf4 {[%emt 0:00:04]} e5
{[%emt 0:00:03]} 18. dxe5 {[%emt 0:00:05]} Nxe5 {[%emt 0:00:26]} 19. Rfe1
{[%emt 0:00:12]} Nc4 {[%emt 0:00:27]} 20. Rxe8+ {[%emt 0:00:11]} Rxe8 {[%emt
0:00:03]} 21. b3 { [%emt 0:00:03]} Na3 {[%emt 0:00:05]} 22. h3 {[%emt 0:00:12]}
Nxc2 {[%emt 0:00:17]} 23. Rc1 {[%emt 0:00:09]} Nd4 {[%emt 0:00:04]} 24. Bg3
{[%emt 0:00:27]} Ne2+ {[%emt 0:00:03]} 25. Kh2 {[%emt 0:00:15]} Nxc1 {[%emt
0:00:04]} 26. Bf4 { [%emt 0:00:03]} Nd3 {[%emt 0:00:13]} 27. Be3 {[%emt
0:00:04]} a6 {[%emt 0:00:18]} 28. a4 {[%emt 0:00:08]} f4 {[%emt 0:00:07]} 29.
Bd2 {[%emt 0:00:08]} Re2 { [%emt 0:00:21]} 30. Bb4 {[%emt 0:00:10]} Nxb4 {[%emt
0:00:05] Rostock3-003 offers a draw} 0-1

[Event "DSJ Weihnachtsturnier U16: Steinitz 2020"]
[Site ""]
[Date "2020.12.28"]
[Round "4"]
[White "Aschenbach, Gustav"]
[Black "Hix, Jonathan"]
[Result "1-0"]
[Termination "normal"]
[Board "11.3"]
[WhiteElo "1370"]
[BlackElo "795"]
[WhiteTeam "SG Grün-Weiß Dresden"]
[BlackTeam "SGem Aschheim/Feldkirchen/Kirchheim 2"]
[PlyCount "105"]
[BlackFideId "34634630"]
[EventRounds "7"]
[EventType "team-swiss"]
[EventDate "2020.12.28"]

1. d4 {[%emt 0:00:07]} d5 {[%emt 0:00:43]} 2. e3 {[%emt 0:00:03]} Nc6 {[%emt
0:00:04]} 3. f4 {[%emt 0:00:05]} Nf6 {[%emt 0:00:05]} 4. Nf3 {[%emt 0:00:04]}
Bf5 {[%emt 0:00:12]} 5. Bd3 {[%emt 0:00:07]} Bxd3 {[%emt 0:00:05]} 6. Qxd3 {
[%emt 0:00:05]} e6 {[%emt 0:00:02]} 7. Nbd2 {[%emt 0:00:14]} Bd6 {[%emt
0:00:03]} 8. c3 {[%emt 0:00:04]} O-O {[%emt 0:00:01]} 9. O-O {[%emt 0:00:03]}
Ng4 { [%emt 0:00:43]} 10. Ne5 {[%emt 0:00:12]} Ngxe5 {[%emt 0:00:08]} 11. fxe5
{ [%emt 0:00:03]} Bxe5 {[%emt 0:00:06]} 12. dxe5 {[%emt 0:00:07]} Nxe5 {[%emt
0:00:02]} 13. Qe2 {[%emt 0:00:04]} Qg5 {[%emt 0:00:34]} 14. Nf3 {[%emt
0:00:06]} Qh5 {[%emt 0:00:14]} 15. e4 {[%emt 0:00:23]} Ng4 {[%emt 0:00:19]} 16.
e5 { [%emt 0:00:43]} Qg6 {[%emt 0:00:15]} 17. h3 {[%emt 0:00:41]} Qf5 {[%emt
0:00:09]} 18. hxg4 {[%emt 0:00:34]} Qxg4 {[%emt 0:00:02]} 19. Nd4 {[%emt
0:00:03]} Qxe2 {[%emt 0:00:13]} 20. Nxe2 {[%emt 0:00:02]} f6 {[%emt 0:00:01]}
21. exf6 { [%emt 0:00:04]} gxf6 {[%emt 0:00:02]} 22. Bh6 {[%emt 0:00:07]} Rf7
{[%emt 0:00:04]} 23. Nd4 {[%emt 0:00:15]} f5 {[%emt 0:00:05]} 24. Nxe6 {[%emt
0:00:06]} Rf6 {[%emt 0:00:13]} 25. Nxc7 {[%emt 0:00:08]} Rc8 {[%emt 0:00:14]}
26. Bf4 { [%emt 0:00:05]} Rg6 {[%emt 0:00:11]} 27. Nxd5 {[%emt 0:00:05]} Re6
{[%emt 0:00:24]} 28. Rae1 {[%emt 0:00:06]} Rxe1 {[%emt 0:00:09]} 29. Rxe1
{[%emt 0:00:00]} Rc5 {[%emt 0:00:05]} 30. Ne7+ {[%emt 0:00:35]} Kf7 {[%emt
0:00:21]} 31. Kf2 { [%emt 0:00:21]} Rc7 {[%emt 0:00:11]} 32. Bxc7 {[%emt
0:00:04]} h5 {[%emt 0:00:04]} 33. Nxf5 {[%emt 0:00:03]} Kg6 {[%emt 0:00:05]}
34. Nh4+ {[%emt 0:00:04]} Kg5 {[%emt 0:00:01]} 35. Bg3 {[%emt 0:00:03]} Kg4
{[%emt 0:00:06]} 36. Re4+ { [%emt 0:00:06]} Kg5 {[%emt 0:00:04]} 37. Kf3 {[%emt
0:00:03]} b5 {[%emt 0:00:03]} 38. Re5+ {[%emt 0:00:02]} Kf6 {[%emt 0:00:04]}
39. Kf4 {[%emt 0:00:01]} a5 {[%emt 0:00:07]} 40. Rxb5 {[%emt 0:00:04]} Kg7
{[%emt 0:00:07]} 41. Rb6 { [%emt 0:00:02]} a4 {[%emt 0:00:02]} 42. Kg5 {[%emt
0:00:03]} a3 {[%emt 0:00:02] } 43. Rb7+ {[%emt 0:00:02]} Kf8 {[%emt 0:00:05]}
44. Kf6 {[%emt 0:00:03]} Ke8 { [%emt 0:00:03]} 45. Ke6 {[%emt 0:00:02]} Kd8
{[%emt 0:00:02]} 46. b3 {[%emt 0:00:07]} Kc8 {[%emt 0:00:04]} 47. Rh7 {[%emt
0:00:05]} Kd8 {[%emt 0:00:05]} 48. Re7 {[%emt 0:00:15]} Kc8 {[%emt 0:00:08]}
49. Kd6 {[%emt 0:00:02]} Kd8 { [%emt 0:00:05]} 50. Bf4 {[%emt 0:00:02]} Kc8
{[%emt 0:00:06]} 51. Bg5 {[%emt 0:00:02]} Kd8 {[%emt 0:00:06]} 52. Kc6 {[%emt
0:00:02]} Kc8 {[%emt 0:00:10]} 53. Re8# {[%emt 0:00:01]} 1-0

[Event "DSJ Weihnachtsturnier U16: Steinitz 2020"]
[Site ""]
[Date "2020.12.28"]
[Round "4"]
[White "Bayer, Michael"]
[Black "Quade, Luca"]
[Result "1/2-1/2"]
[Termination "normal"]
[Board "12.1"]
[WhiteElo "1191"]
[BlackElo "1528"]
[WhiteTeam "TSV Solln"]
[BlackTeam "SF Schwerin"]
[PlyCount "89"]
[WhiteFideId "16245857"]
[EventRounds "7"]
[EventType "team-swiss"]
[EventDate "2020.12.28"]

1. e4 {[%emt 0:00:05]} e5 {[%emt 0:00:03]} 2. Nf3 {[%emt 0:00:03]} Nc6 { [%emt
0:00:02]} 3. Nc3 {[%emt 0:00:02]} Nf6 {[%emt 0:00:07]} 4. d3 {[%emt 0:00:04]}
Bb4 {[%emt 0:00:02]} 5. Bd2 {[%emt 0:00:03]} d6 {[%emt 0:00:05]} 6. a3 { [%emt
0:00:01]} Ba5 {[%emt 0:00:03]} 7. b4 {[%emt 0:00:03]} Bb6 {[%emt 0:00:01] } 8.
g3 {[%emt 0:00:08]} Bg4 {[%emt 0:00:03]} 9. Bg2 {[%emt 0:00:02]} Bd4 { [%emt
0:00:03]} 10. Qc1 {[%emt 0:00:18]} Bxf3 {[%emt 0:00:06]} 11. Bxf3 { [%emt
0:00:03]} O-O {[%emt 0:00:25]} 12. O-O {[%emt 0:00:03]} Qd7 {[%emt 0:00:06]}
13. Rb1 {[%emt 0:00:11]} a6 {[%emt 0:00:18]} 14. Nd5 {[%emt 0:00:08]} Nxd5
{[%emt 0:00:15]} 15. exd5 {[%emt 0:00:02]} Ne7 {[%emt 0:00:03]} 16. c3 { [%emt
0:00:04]} Ba7 {[%emt 0:00:03]} 17. c4 {[%emt 0:00:15]} Rac8 {[%emt 0:00:14]}
18. Qd1 {[%emt 0:00:04]} b5 {[%emt 0:00:06]} 19. Bg4 {[%emt 0:00:04]} f5 {
[%emt 0:00:07]} 20. Bf3 {[%emt 0:00:06]} Rfe8 {[%emt 0:00:17]} 21. Bg5 { [%emt
0:00:12]} Ng6 {[%emt 0:00:07]} 22. Be3 {[%emt 0:00:12]} Bxe3 {[%emt 0:00:06]}
23. fxe3 {[%emt 0:00:02]} e4 {[%emt 0:00:02]} 24. dxe4 {[%emt 0:00:02]} fxe4
{[%emt 0:00:01]} 25. Bg2 {[%emt 0:00:02]} bxc4 {[%emt 0:00:10]} 26. Qc2 { [%emt
0:00:03]} Qg4 {[%emt 0:00:48]} 27. Qxc4 {[%emt 0:00:30]} Ne5 {[%emt 0:00:15]}
28. Qxe4 {[%emt 0:00:06]} Qxe4 {[%emt 0:00:08]} 29. Bxe4 {[%emt 0:00:01]} Nc4
{[%emt 0:00:10]} 30. Bf5 {[%emt 0:00:06]} Rb8 {[%emt 0:00:33]} 31. a4 { [%emt
0:00:06]} Nd2 {[%emt 0:00:02]} 32. Be6+ {[%emt 0:00:05]} Kh8 {[%emt 0:00:06]}
33. Rbd1 {[%emt 0:00:22]} Nxf1 {[%emt 0:00:02]} 34. Rxf1 {[%emt 0:00:01]} Rf8
{[%emt 0:00:02]} 35. Rc1 {[%emt 0:00:05]} Rxb4 {[%emt 0:00:06]} 36. Rxc7 {
[%emt 0:00:04]} Rxa4 {[%emt 0:00:07]} 37. Rd7 {[%emt 0:00:09]} Re4 {[%emt
0:00:08]} 38. Rxd6 {[%emt 0:00:05]} Rxe3 {[%emt 0:00:01]} 39. Rxa6 {[%emt
0:00:04]} Re1+ {[%emt 0:00:05]} 40. Kg2 {[%emt 0:00:01]} Re2+ {[%emt 0:00:01]}
41. Kh3 { [%emt 0:00:02]} h6 {[%emt 0:00:07]} 42. Bg4 {[%emt 0:00:17]} Rd2
{[%emt 0:00:12]} 43. d6 {[%emt 0:00:03]} Rd8 {[%emt 0:00:05]} 44. d7 {[%emt
0:00:17]} g6 { [%emt 0:00:06] Solln1-001 offers a draw} 45. Rxg6 {[%emt
0:00:09]} 1/2-1/2

[Event "DSJ Weihnachtsturnier U16: Steinitz 2020"]
[Site ""]
[Date "2020.12.28"]
[Round "4"]
[White "Baerens, Lennart"]
[Black "Neumeyer, Luka"]
[Result "0-1"]
[Termination "time forfeit"]
[Board "12.4"]
[WhiteElo "902"]
[BlackElo "799"]
[WhiteTeam "SF Schwerin"]
[BlackTeam "TSV Solln"]
[PlyCount "48"]
[EventRounds "7"]
[EventType "team-swiss"]
[EventDate "2020.12.28"]

1. d4 {[%emt 0:00:12]} d5 {[%emt 0:00:02]} 2. Nf3 {[%emt 0:00:07]} Nc6 { [%emt
0:00:05]} 3. Nc3 {[%emt 0:00:04]} Nf6 {[%emt 0:00:02]} 4. Bg5 {[%emt 0:00:07]}
e6 {[%emt 0:00:03]} 5. Bxf6 {[%emt 0:00:03]} gxf6 {[%emt 0:00:01]} 6. e4 {[%emt
0:00:05]} dxe4 {[%emt 0:00:41]} 7. Nxe4 {[%emt 0:00:08]} Bg7 { [%emt 0:00:31]}
8. Qd2 {[%emt 0:00:12]} f5 {[%emt 0:00:13]} 9. Nc3 {[%emt 0:00:17]} O-O {[%emt
0:00:09]} 10. O-O-O {[%emt 0:00:07]} a6 {[%emt 0:00:24]} 11. Re1 {[%emt
0:00:26]} Qf6 {[%emt 0:00:05]} 12. Bc4 {[%emt 0:00:14]} Bh6 { [%emt 0:00:19]}
13. Re3 {[%emt 0:00:37]} Bxe3 {[%emt 0:00:05]} 14. Qxe3 { [%emt 0:00:02]} Re8
{[%emt 0:00:43]} 15. Ng5 {[%emt 0:00:23]} b5 {[%emt 0:00:33]} 16. Bd3 {[%emt
0:00:16]} Nxd4 {[%emt 0:00:09]} 17. Re1 {[%emt 0:00:42]} h6 {[%emt 0:00:10]}
18. Nf3 {[%emt 0:00:15]} Nxf3 {[%emt 0:00:10]} 19. Qxf3 { [%emt 0:00:13]} Bd7
{[%emt 0:00:15]} 20. b3 {[%emt 0:00:16]} Qxc3 {[%emt 0:00:23]} 21. Qg3+ {[%emt
0:00:30]} Kf8 {[%emt 0:00:07]} 22. Qxc7 {[%emt 0:00:18]} Qxc7 {[%emt 0:00:09]}
23. Rxe6 {[%emt 0:00:06]} Bxe6 {[%emt 0:00:04]} 24. Be2 { [%emt 0:04:03]} Rac8
{[%emt 0:00:08] Schwerin004 reconnected. TimeW} 0-1